| 000 | 00508nam a2200181Ia 4500 | ||
|---|---|---|---|
| 001 | 7896 | ||
| 005 | 20260306160529.0 | ||
| 008 | 260306t2009||||xx |||||||||||||| ||spa|| | ||
| 041 | _aESP | ||
| 082 |
_a363.7 _bB96A |
||
| 100 |
_aBustamante, Claudia _eAUT |
||
| 245 | 4 |
_aThe free and fair trade of carbon emission program: _ban environmental and economic plan to pay bill since 2012... |
|
| 260 | _c2009 | ||
| 300 |
_a131 páginas : _c22 cm. |
||
| 650 | _aGEN | ||
| 654 | _aCAN | ||
| 942 |
_cLIB _dJUS _fJUS _2ddc _n |
||
| 999 |
_c7896 _d7896 |
||